|
|
|
แสดงรายละเอียดบรรณานุกรม |
|
|
Brief Record
: Get Marc (ISO 2709)
: E-mail record
: |
|
|
| LEADER 00000nam 2200000uu 4500 | |||
| 001 52592 | |||
| 003 ULIBM | |||
| 008 190722s||||||||th 000 0 tha d | |||
| 020 ^a9786160427536 | |||
| 082 0 ^aย^bซ-ร | |||
| 100 0 ^aซาร่าห์,เจ.มาส | |||
| 245 00 ^aราชินีแห่งความตาย เล่ม1/^cเจ.มาส ซาร่าห์ | |||
| 260 ^aกรุงเทพฯ:^bนานมีบุ๊คส์,^c2558 | |||
| 300 ^a400 หน้า | |||
| 440 ^aThrone of glass | |||
| 541 ^a275 บาท | |||
| 700 0 ^aอมรรัตน์ อาศิรวาท,^eผู้แปล | |||
| 999 ^aKamolsri | |||
| คุณยังไม่ได้ล็อกอิน คุณสามารถมีกิจกรรมร่วมกับเว็บไซต์ได้ แต่ต้องล็อกอินก่อน :: |
|
| สถานะ | |||||||||
| 1. | หนังสือ | ย ซ-ร Barcode: 083778 | ►หนังสือเยาวชน | On Shelf ขอยืม | |||||
| [แสดง 1/1 รายการ] | |||||||||

| รายการใกล้เคียง ผู้แต่ง [ซาร่าห์,เจ.มาส] |
BibComment |
| คอมเมนท์ทรัพยากรรายการนี้ |
|
|
ห้องสมุดโรงเรียนสามัคคีวิทยาคม
159 ถ.บรรพปราการ ต.เวียง อ.เมือง จ.เชียงราย 57000
โทร. 053-711018 โทรสาร 053-713003